Argentina vs Reino Unido - Estadísticas

Estadísticas generales
  • Esta prueba ha sido intentada 64 veces
  • La puntuación promedio es 12 de 16
Estadísticas de respuestas
Pregunta Respuesta % Correcto
¿Qué país es mas grande? Argentina
100%
¿Qué país fue colonia de España? Argentina
96%
¿Dónde es tradicional el asado? Argentina
92%
¿En cual país se baila el tango? Argentina
92%
¿Cuál esta ubicado en Europa? Reino Unido
92%
¿Cuál país participo de las guerras de Malvinas? Ambos
88%
¿Qué país gano la Copa Mundial Mexico 1986? Argentina
88%
¿Cuál tiene al menos una copa del mundo? Ambos
83%
¿Cuál esta actualmente sufriendo una dictadura? Ninguno
83%
¿Que pais tiene mas esperanza de vida? Reino Unido
75%
¿Cuál esta integrado en la ONU? Ambos
71%
¿Qué país tiene como principal religión al judaísmo? Ninguno
71%
¿Qué país tiene mas inmigrantes? Reino Unido
67%
¿Cuál tiene mas población? Reino Unido
58%
¿En que país nació Anya Taylor-Joy? Ninguno
13%
¿Cuál tiene mayor índice de corrupción? Reino Unido
0%
No se encontraron pruebas coincidentes
Distribución de puntuación
Porcentaje de gente con cada puntuación
Porcentaje por número respondido
Historial de tus puntuaciones
No has intentado esta prueba.